UK Towns Quiz - Avon - Statistics

General Stats
  • This quiz has been taken 71 times
  • The average score is 13 of 58
Answer Stats
Clue Population Town % Correct
B 425,232 Bristol
96%
B 94,092 Bath
95%
W 84,628 Weston-super-Mare
73%
K 19,261 Keynsham
66%
P 26,366 Portishead
64%
Y 28,351 Yate
64%
F 10,960 Filton
54%
A 2,645 Avonmouth
46%
C 21,078 Clevedon
46%
K 160,260 Kingswood
46%
N 15,917 Nailsea
46%
T 14,496 Thornbury
39%
R 9,980 Radstock
30%
Y 7,708 Yatton
30%
B 25,199 Bradley Stoke
27%
M 13,758 Midsomer Norton
27%
C 8,025 Chipping Sodbury
25%
P 4,953 Pill
25%
P 2,689 Pucklechurch
25%
P 16,518 Patchway
23%
S 2,209 Severn Beach
20%
B 1,698 Bathampton
18%
C 1,248 Chew Magna
18%
L 5,185 Long Ashton
18%
P 1,400 Pilning
16%
A 2,936 Almondsbury
14%
M 1,300 Marshfield
14%
S 4,133 Saltford
14%
S 13,476 Stoke Gifford
14%
B 4,347 Backwell
13%
C 2,794 Congresbury
13%
P 2,273 Peasedown
13%
B 3,881 Batheaston
11%
P 6,503 Paulton
11%
B 2,180 Banwell
9%
C 1,992 Churchill
9%
C 1,630 Clutton
9%
W 1,581 Wick
9%
W 1,997 Wrington
9%
A 2,068 Alveston
7%
F 14,968 Frampton Cotterell
7%
H 1,689 Hutton
7%
K 1,608 Kewstoke
7%
T 2,509 Timsbury
7%
W 4,603 Winscombe
7%
B 1,151 Bathford
5%
F 1,107 Farmborough
5%
H 1,658 High Littleton
5%
W 1,701 Wickwar
5%
C 2,830 Charfield
4%
L 3,822 Locking
4%
O 1,009 Olveston
4%
T 1,517 Temple Cloud
4%
W 2,424 West Wick
4%
B 1,424 Bishops Sutton
0%
B 1,056 Blagden
0%
N 1,369 Newton St Loe
0%
W 1,992 Witchurch
0%
No matching quizzes found
Score Distribution
Percent of People with Each Score
Percentile by Number Answered
Your Score History
You have not taken this quiz